000 00320nam a22001337a 4500
008 170905b xxu||||| |||| 00| 0 eng d
020 _a0894950061
041 _aeng
080 _a070
100 _a40
101 _aMED
245 _aHOW TO WRITE AND PUBLISH A SCIENTIFIC PAPER
_cDAY.R.A
942 _2udc
_cBK
999 _c26161
_d26161